Подробности
| 000 -МАРКЕР |
| контрольное поле |
02345nam0a2200337 4500 |
| 001 - ИДЕНТИФИКАТОР ЗАПИСИ |
| контрольное поле |
RU\NLR\bibl\822005 |
| 005 - ИДЕНТИФИКАТОР ВЕРСИИ |
| контрольное поле |
20260407143725.0 |
| 010 ## - МЕЖДУНАРОДНЫЙ СТАНДАРТНЫЙ НОМЕР КНИГИ (ISBN) |
| Номер (ISBN) |
5-246-00765-0 |
| 021 ## - НОМЕР ГОСУДАРСТВЕННОЙ РЕГИСТРАЦИИ |
| Код страны |
российская федерация |
| Номер |
2005-6615 |
| Номер Листа государственной регистраци |
338 |
| 035 ## - ДРУГИЕ СИСТЕМНЫЕ НОМЕРА |
| Идентификатор записи |
(NLR Aleph) 000810916 |
| 100 ## - ДАННЫЕ ОБЩЕЙ ОБРАБОТКИ |
| Данные общей обработки |
20050720d2004 |||y0rusy50 ca |
| 101 0# - ЯЗЫК РЕСУРСА |
| Язык текста, звукозаписи и т.д. |
русский |
| 102 ## - СТРАНА ПУБЛИКАЦИИ ИЛИ ПРОИЗВОДСТВА |
| Страна публикации |
российская федерация |
| 105 ## - ПОЛЕ КОДИРОВАННЫХ ДАННЫХ: ТЕКСТОВЫЕ МАТЕРИАЛЫ, МОНОГРАФИЧЕСКИЕ |
| Кодированные данные о монографическом текстовом документе |
a ||||||||| |
| 200 1# - ЗАГЛАВИЕ И СВЕДЕНИЯ ОБ ОТВЕТСТВЕННОСТИ |
| Основное заглавие |
Бизнес-карта 2004. [Промышленность. Отрасль. Деловые справочники]. Т. 28 |
| Наименование части |
Приборостроение. Радиотехничекая промышленность. Аппаратура и оборудование связи. Приборы. КИПиА. Ауудио- и видеотехника. Вычислительная техника. Оргтехника. Россия и другие страны СНГ |
| Первые сведения об ответственности |
Агентство деловой информ. [Бизнес-карта] |
| 210 ## - ПУБЛИКАЦИЯ, РАСПРОСТРАНЕНИЕ И ДР. |
| Место издания, распространения и т.д. |
Москва |
| Имя издателя, распространителя и т. д. |
Агентство Деловой Информации "Бизнес-карта" |
| Дата издания, распространения и т.д. |
2004 |
| 215 ## - ФИЗИЧЕСКАЯ ХАРАКТЕРИСТИКА |
| Специфическое обозначение материала и объем |
630,[1] с. |
| Другие сведения о физической характеристике |
ил. |
| Размеры |
21 |
| 300 ## - ОБЩИЕ ПРИМЕЧАНИЯ |
| Текст примечания |
На обл. част. загл. тома в незначит. изм. виде |
| 320 ## - ПРИМЕЧАНИЯ О НАЛИЧИИ В ДОКУМЕНТЕ БИБЛИОГРАФИИ / УКАЗАТЕЛЯ |
| Текст примечания |
Алф. указатели: по видам продукции и услог, по видам сырья и материалов, использ. предприятиями, предприятий по обл., краям, респ.: с. 23-118 |
| 512 0# - ЗАГЛАВИЕ ОБЛОЖКИ |
| Заглавие обложки |
Приборостроение. Радиотехника. Аппаратура связи. Аудио- и видеотехника. Приборы. КИПиА. Вычислительная техника. Оргтехника. СНГ |
| 606 1# - НАИМЕНОВАНИЕ ТЕМЫ КАК ПРЕДМЕТ |
| Наименование темы |
Приборостроительная промышленность |
| Формальный подзаголовок |
Бизнес-карты |
| Географический подзаголовок |
Страны СНГ |
| Системный номер авторитетной/нормативной записи |
2203214 |
| Идентификатор авторитетной/нормативной записи |
RU\NLR\auth\661323852 |
| 606 1# - НАИМЕНОВАНИЕ ТЕМЫ КАК ПРЕДМЕТ |
| Наименование темы |
Радиотехническая промышленность |
| Формальный подзаголовок |
Бизнес-карты |
| Географический подзаголовок |
Страны СНГ |
| Системный номер авторитетной/нормативной записи |
2203220 |
| Идентификатор авторитетной/нормативной записи |
RU\NLR\auth\661323855 |
| 686 ## - ИНДЕКСЫ ДРУГИХ КЛАССИФИКАЦИЙ |
| Индекс |
У30(2)585.151.5я2 |
| 686 ## - ИНДЕКСЫ ДРУГИХ КЛАССИФИКАЦИЙ |
| Индекс |
У30(2)585.151.3я2 |
| 712 02 - НАИМЕНОВАНИЕ ОРГАНИЗАЦИИ - ВТОРИЧНАЯ ОТВЕТСТВЕННОСТЬ |
| Код отношения |
Прочие |
| Начальный элемент ввода |
"Бизнес-карта", агентство деловой информации |
| Идентифицирующий признак |
Москва |
| Идентификатор авторитетной/нормативной записи |
RU\NLR\AUTH\8810016251 |
| Системный номер авторитетной/нормативной записи |
530346 |
| 801 #0 - ИСТОЧНИК ЗАПИСИ |
| Страна |
российская федерация |
| Организация |
NLR |
| Дата составления |
20050720 |
| Правила каталогизации |
rcr |
| 801 #1 - ИСТОЧНИК ЗАПИСИ |
| Страна |
российская федерация |
| Организация |
NLR |
| Дата составления |
20050720 |
| 942 ## - ДОПОЛНИТЕЛЬНЫЕ ЭЛЕМЕНТЫ ЗАПИСИ (АБИС) |
| Тип экземпляра АБИС |
Книга |
| 980 ## - КОЛЛЕКЦИЯ |
| Название коллекции |
Национальная библиография |